Mulieris dignitatem : apoštolský list papeže Jana Pavla II. o důstojnosti a povolání ženy u příležitosti Mariánského roku

Hlavní autor: Jan Pavel II., papež, 1920-2005
Jazyk: Čeština
Vydáno: Praha : Zvon, 1992
Vydání: 1. vyd.
Témata:
Externí odkaz: Digitalizovaný dokument
Fyzický popis: 73 s. ; 20 cm
Knihy
Uloženo v:
LEADER 01457nam a22003972a 4500
001 000160105
003 CZ BrMZK
005 20180531122705.0
007 ta
008 950101s1992 xr f cze d
015 |a cnb000069377 
020 |a 80-7113-053-2  |q (brož.) :  |c Kčs 16,00 
035 |a (OCoLC)39585600 
040 |a ABA001  |b cze  |d ABA001  |d BOA001 
041 1 |a cze  |h lat 
080 9 |a 28 
080 9 |a 396 
080 9 |a 23/25 
080 9 |a 22 
100 0 |a Jan Pavel  |b II.,  |c papež,  |d 1920-2005  |7 jn19981001536  |4 aut 
245 1 0 |a Mulieris dignitatem :  |b apoštolský list papeže Jana Pavla II. o důstojnosti a povolání ženy u příležitosti Mariánského roku 
246 3 0 |a O důstojnosti a povolání ženy 
250 |a 1. vyd. 
260 |a Praha :  |b Zvon,  |c 1992 
300 |a 73 s. ;  |c 20 cm 
500 |a Přeloženo z latiny? 
500 |a Podnázev v tiráži: encyklika Jana Pavla II. ... 
500 |a 5000 výt. 
504 |a Obsahuje bibliografické odkazy 
500 |a Dostupné též v digitální podobě v aplikaci Kramerius 
600 0 7 |a Jan Pavel  |b II.,  |c papež,  |d 1920-2005  |7 jn19981001536  |2 czenas 
655 7 |a texty  |7 fd133699  |2 czenas 
856 4 1 |u http://www.digitalniknihovna.cz/mzk/uuid/uuid:c8b8f9c0-658d-11e8-a583-005056827e51  |y Digitalizovaný dokument  |x NDK 
910 |a BOA001  |b 2-0980.797 
990 |a BK 
996 6 |b 2619913935  |c 2-0980.797  |l MZK  |r Sklad / do 1 hodiny  |n 7  |w 000160105  |u 000010  |a 1  |e BOA001  |j MZK50  |s P